01326nam a22002655i 4500001000700000003000900007005001700016008004100033040003000074100002700104245016000131260004500291300002000336490005700356596006500413597004400478650003700522700004800559830006500607852009900672852002500771999001900796952012400815952012100939165904ES-MaACL20250815062651.0981106q18901900sp |||| | spa d aCCPB | B bspa cCCPB | B1 aSupino, David.913295410aDerecho mercantil de David Supino / ctraducido de la cuarta edición y anotado extensamente con las diferencias del derecho español por Lorenzo Benito. aMadrid : bLa España Moderna, c[s.a.] a2 v. ; c22 cm.1 aBiblioteca de jurisprudencia, filosofía e historia aFecha de producción de La España Moderna: ca. 1890-1900. aT.I ([2], 352 p.) -- T.II ([2], 348 p.) 7aDerecho mercantil2embne91358911 aBenito y Endara, Lorenzo,d1855-193292769800aBiblioteca de jurisprudencia, filosofía e historia9180691 aES-MaACLjB-12252 z-- Enc. pasta española x-- Añadir en T260: (Sucesores de J. Cuadrado) aES-MaACLjF-14928-29 c165904d165904 00104070aATENEOMbATENEOMcSPP2d2014-10-27eSCl0oF-14928-29p1193300r2023-02-23 00:00:00w2023-02-23yMONOGRAFIA 00104070aATENEOMbATENEOMcSPBd2008-01-17eSSCl0oB-12252p1173988r2023-02-23 00:00:00w2023-02-23yMONOGRAFIA